00714nam a22001937a 450000500170000000800410001702000220005808200240008010000300010424500760013426000330021030000220024350400500026554100090031565000320032470000310035695201180038799900150050520230307041805.0230307b |||||||| |||| 00| 0 eng d a978-0-8153-5092-7 a394.2068 An627 2020 aAntchak, Vladimireauthor aThe fundamentals of event design /cVladimir Antchak, Olivia Ramsbottom aNew York:bRoutledge,cc2020 axiv, 197p.:bill. aIncludes bibliographical references and index e6732 aSpecial events - Management aRamsbottom, Oliviaeauthor 00102ddc4070aCTUMBbCTUMBd2021-03-03l0o394.2068 An627 2020p6732r2023-03-07 00:00:00t1w2023-03-07yBK-R c1623d1623